ห้องสมุด วิทยาลัยพยาบาลบรมราชชนนี อุดรธานี Boromarajonani College of Nursing, Udonthani
mysqli: Table './ulib2015/stat_globaluid' is marked as crashed and last (automatic?) repair failed select id from stat_globaluid where statuid='20260418130107_1177' mysqli: Table './ulib2015/stat_globaluid' is marked as crashed and last (automatic?) repair failed DELETE FROM stat_globaluid
WHERE id NOT IN (
SELECT id
FROM (
SELECT id
FROM stat_globaluid
ORDER BY id DESC
LIMIT 100
) foo
); mysqli: Table './ulib2015/stat_globaluid' is marked as crashed and last (automatic?) repair failed insert into stat_globaluid set
statuid='20260418130107_1177',
dt='1776492067',
phpself='/ULIB/dublinfull.php',
agent='Mozilla/5.0 AppleWebKit/537.36 (KHTML, like Gecko; compatible; ClaudeBot/1.0; +claudebot@anthropic.com)',
yea='2026',
mon='4',
dat='18',
ip='216.73.216.142'
LEADER 00674nam 2200229 a 4500
001 10434
003 ULIBM
008 190511s2535 th m a001 0 tha d
050 4 ^a WG26^bช687ก 2535.
245 10 ^aการโมมิเตอร์ทางคลินิก หลักการ เครื่องและวิธีการ/^cชูศักดิ์ เวชแพศย์.
250 ^aพิมพ์ครั้งที่ 1.
260 ^aกรุงเทพฯ:^bมหาวิทยาลัยมหิดล,^c2535.
300 ^a 262 หน้า.
650 7 ^aการโมมิเตอร์.
945 ^p0^l0^i8677
945 ^p0^l0^i8678
999 ^aลิขิตลักษณ์
คุณยังไม่ได้ล็อกอิน คุณสามารถมีกิจกรรมร่วมกับเว็บไซต์ได้ แต่ต้องล็อกอินก่อน ::
ลำดับที่
ประเภท
เลขเรียก /บาร์โค้ด
สถานที่
สถานะ
1.
หนังสือการพยาบาล WG26 ช687ก 2535. Barcode: 8677 หนังสือทั่วไป On Shelf
2.
หนังสือการพยาบาล WG26 ช687ก 2535. ฉ.2 Barcode: 8678 หนังสือทั่วไป On Shelf [แสดง 2/2 รายการ]
mysqli: Can't create/write to file '/var/tmp/#sql_59d_0.MAI' (Errcode: 2) select * from index_db where titl like '%การโมมิเตอร์ทางคลินิก หลักการ เครื่องและวิธีการ/ ชูศักดิ์ เวชแพศย์.%' and mid<>'10434' order by rand() limit 3 mysqli: Can't create/write to file '/var/tmp/#sql_59d_0.MAI' (Errcode: 2) select * from index_db where subj like '%การโมมิเตอร์.%' and mid<>'10434' order by rand() limit 3
ยังไม่เคยถูกคอมเมนท์
คอมเมนท์ทรัพยากรรายการนี้
JavaScript must be enabled in order for you to use Google Maps.
However, it seems JavaScript is either disabled or not supported by your browser.
To view Google Maps, enable JavaScript by changing your browser options, and then
try again.